000 00456nam a2200205Ia 4500
001 12890
003 GE_BSU
008 181216s||||||||xx |||||||||||||| ||und||
020 _a0747238693
040 _cGE_BSU
080 _a821.111-32
100 _aBowling,Harry.
245 4 _aThe Girl From Cotton Lane.
260 _aLondon.
260 _bHeadline.
260 _c1992
300 _a602p;18cm.
653 _aThe Girl From Cotton Lane.
942 _cBK
999 _c46060
_d46060